| 000 | 00651cam a2200217 4500 | ||
|---|---|---|---|
| 001 | J11425 | ||
| 008 | 000000n2001 000 0 eng u | ||
| 035 | _a(Sirsi) u117507 | ||
| 041 | _aeng. | ||
| 050 | _a333.33 | ||
| 110 |
_aInsignia Richard Ellis _93847 |
||
| 245 | _aOffice market bulletin: Glasgow - Summer 2001 | ||
| 260 |
_aLondon _bInsignia Richard Ellis Research _c2001 |
||
| 300 | _a1pt.. ; 30cm. | ||
| 650 | _aGLASGOW | ||
| 650 | _aPROPERTY-COMMERCIAL PROPERTY-OFFICE PROPERTY-OFFICE PROPERTY MARKET | ||
| 650 | _aOFFICES | ||
| 650 | _aSCOTLAND | ||
| 690 | _aPROPERTY-COMMERCIAL PROPERTY-COMMERCIAL PROPERTY MARKET | ||
| 942 | _n0 | ||
| 999 |
_c102009 _d102009 |
||